[Event "Pardubice Czech op-A 29th"]
[Site "Pardubice"]
[Date "2018.07.21"]
[Round "2"]
[White "Sadhwani, Raunak"]
[Black "Nehyba, Martin"]
[Result "1-0"]
[WhiteElo "2409"]
[BlackElo "2163"]
[PlyCount "75"]
[EventDate "2018.07.20"]
[EventType "swiss"]
[EventRounds "9"]
[EventCountry "CZE"]
[SourceTitle "CBM 185 Extra"]
[Source "ChessBase"]
[SourceDate "2018.07.29"]
[SourceVersion "1"]
[SourceVersionDate "2018.07.29"]
[SourceQuality "1"]

1. e4 c5 2. b3 e6 3. Bb2 Nc6 4. Nf3 Nf6 5. e5 Nd5 6. Nc3 Nxc3 7. Bxc3 Be7 8. Bd3 Rb8 9. Qe2 a6 10. h4 b5 11. a4 c4 12. bxc4 bxa4 13. 0-0 a3 14. h5 a5 15. Nd4 Nxd4 16. Bxd4 Ba6 17. c5 Bxd3 18. Qxd3 Qc7 19. Rxa3 Rc8 20. Rfa1 0-0 21. Rxa5 Rb8 22. Qe4 Rb7 23. Be3 Rfb8 24. d4 Rb1+ 25. Kh2 f5 26. Qd3 Rxa1 27. Rxa1 Bxc5 28. f4 Bf8 29. d5 Rc8 30. d6 Qc6 31. Ra7 Kf7 32. c4 Ke8 33. c5 Kf7 34. Qb1 Ke8 35. Qb6 Qe4 36. Rc7 Ra8 37. c6 Rd8 38. Rxd7 1-0

[Event "Pardubice op rapid 29th"]
[Site "Pardubice"]
[Date "2018.07.19"]
[Round "4"]
[White "Nehyba, Martin"]
[Black "Natarov, Ilya"]
[Result "1-0"]
[WhiteElo "2163"]
[BlackElo "2028"]
[PlyCount "53"]
[EventDate "2018.07.18"]
[EventType "swiss (rapid)"]
[EventRounds "9"]
[EventCountry "CZE"]
[SourceTitle "CBM 185 Extra"]
[Source "ChessBase"]
[SourceDate "2018.07.29"]
[SourceVersion "1"]
[SourceVersionDate "2018.07.29"]
[SourceQuality "1"]

1. e4 Nf6 2. Nc3 d5 3. exd5 Nxd5 4. Nxd5 Qxd5 5. d4 Nc6 6. c3 e5 7. dxe5 Qxe5+ 8. Be2 Bg4 9. Be3 Bxe2 10. Nxe2 Bc5 11. Bf4 Qe7 12. 0-0 Rd8 13. Qc2 0-0 14. Ng3 Rfe8 15. Nf5 Qe2 16. Qc1 Qe6 17. Qb1 Bb6 18. Re1 Qc4 19. Bg5 f6 20. Be3 Bxe3 21. Nxe3 Qc5 22. Qc2 Kh8 23. Rad1 Ne5 24. Qf5 Qb5 25. Ng4 Rxd1 26. Rxd1 Nxg4 27. Qxb5 1-0

[Event "Pardubice op rapid 29th"]
[Site "Pardubice"]
[Date "2018.07.19"]
[Round "7"]
[White "Ruzicka, Josef"]
[Black "Nehyba, Martin"]
[Result "1-0"]
[WhiteElo "2139"]
[BlackElo "2163"]
[PlyCount "29"]
[EventDate "2018.07.18"]
[EventType "swiss (rapid)"]
[EventRounds "9"]
[EventCountry "CZE"]
[SourceTitle "CBM 185 Extra"]
[Source "ChessBase"]
[SourceDate "2018.07.29"]
[SourceVersion "1"]
[SourceVersionDate "2018.07.29"]
[SourceQuality "1"]

1. e4 c5 2. Nc3 e6 3. g3 Nc6 4. Bg2 Nf6 5. Nge2 Be7 6. 0-0 0-0 7. d3 Rb8 8. f4 d5 9. e5 Ne8 10. g4 b5 11. Ng3 a5 12. Re1 f5 13. gxf5 exf5 14. Bxd5+ Kh8 15. Bxc6 1-0

[Event "CZE-chT U18 Extraliga final-A 1718"]
[Site "Czech Republic"]
[Date "2018.04.21"]
[Round "9.4"]
[White "Nehyba, Martin"]
[Black "Molkanov, Oleg"]
[Result "1-0"]
[WhiteElo "2009"]
[BlackElo "1967"]
[PlyCount "39"]
[EventDate "2017.10.07"]
[EventType "team-tourn"]
[EventRounds "11"]
[EventCountry "CZE"]
[SourceTitle "EXT 2023"]
[Source "ChessBase"]
[SourceDate "2022.10.05"]
[SourceVersion "1"]
[SourceVersionDate "2022.10.05"]
[SourceQuality "1"]
[WhiteTeam "Polabiny (U18)"]
[BlackTeam "Praha Kobylisy (U18)"]
[WhiteTeamCountry "CZE"]
[BlackTeamCountry "CZE"]

1. e4 c6 2. d4 d5 3. Nc3 dxe4 4. Nxe4 Bf5 5. Ng3 Bg6 6. h4 h6 7. Nh3 Nd7 8. Nf4 Bh7 9. Bc4 Ngf6 10. 0-0 Nd5 11. Nxd5 cxd5 12. Bxd5 Qc7 13. Qf3 e6 14. Bxb7 Rb8 15. Bc6 Rc8 16. d5 exd5 17. Bxd5 Nf6 18. Bb7 Rb8 19. Bc6+ Nd7 20. Re1+ 1-0

[Event "CZE-chT U18 Extraliga Ost 1718"]
[Site "Czech Republic"]
[Date "2018.01.20"]
[Round "7.4"]
[White "Nehyba, Martin"]
[Black "Vlkova, Anezka"]
[Result "1-0"]
[WhiteElo "2009"]
[BlackElo "1934"]
[PlyCount "59"]
[EventDate "2017.10.07"]
[EventType "team-tourn"]
[EventRounds "11"]
[EventCountry "CZE"]
[SourceTitle "EXT 2023"]
[Source "ChessBase"]
[SourceDate "2022.10.05"]
[SourceVersion "1"]
[SourceVersionDate "2022.10.05"]
[SourceQuality "1"]
[WhiteTeam "Polabiny (U18)"]
[BlackTeam "Vlasim (U18)"]
[WhiteTeamCountry "CZE"]
[BlackTeamCountry "CZE"]

1. e4 c5 2. Nf3 d6 3. d4 cxd4 4. Nxd4 Nf6 5. Nc3 g6 6. Be3 Bg7 7. f3 0-0 8. Qd2 Nc6 9. g4 Qa5 10. 0-0-0 Nxd4 11. Bxd4 Be6 12. Kb1 Rfc8 13. g5 Nh5 14. Bxg7 Nxg7 15. f4 b5 16. Qe3 Rxc3 17. Qxc3 b4 18. Qc6 Qxa2+ 19. Kc1 Rc8 20. Qa6 b3 21. Qxa2 bxa2 22. Kd2 Nh5 23. f5 gxf5 24. exf5 Bxf5 25. Bd3 Be6 26. Rhf1 Rc5 27. h4 Bd5 28. b3 e5 29. c4 Bc6 30. b4 1-0

[Event "CZE-chT2D 1718"]
[Site "Czech Republic"]
[Date "2017.12.03"]
[Round "4.6"]
[White "Nehyba, Martin"]
[Black "Cely, Jaroslav"]
[Result "1/2-1/2"]
[WhiteElo "2124"]
[BlackElo "2015"]
[PlyCount "77"]
[EventDate "2017.10.15"]
[EventType "team-tourn"]
[EventRounds "11"]
[EventCountry "CZE"]
[SourceTitle "EXT 2022"]
[Source "ChessBase"]
[SourceDate "2021.10.06"]
[SourceVersion "1"]
[SourceVersionDate "2021.10.06"]
[SourceQuality "1"]
[WhiteTeam "Polabiny III"]
[BlackTeam "Zdar nad Sazavou"]
[WhiteTeamCountry "CZE"]
[BlackTeamCountry "CZE"]

1. c4 c5 2. Nc3 Nc6 3. g3 g6 4. Bg2 Bg7 5. e3 Nf6 6. Nge2 0-0 7. 0-0 d6 8. h3 e5 9. Kh2 Be6 10. Nd5 Ne7 11. Nec3 Rb8 12. b3 a6 13. f4 Nfxd5 14. cxd5 Bc8 15. Bb2 exf4 16. Rxf4 Be5 17. Rf3 Nf5 18. Qc2 Nh4 19. Rf2 Nxg2 20. Kxg2 Bf5 21. e4 Bd7 22. Ne2 Qe7 23. d3 f5 24. Bxe5 Qxe5 25. Qc3 Rfe8 26. Qxe5 Rxe5 27. Nc3 Rbe8 28. Re1 b5 29. Rfe2 b4 30. Nd1 Bb5 31. Nb2 Kf7 32. Kf3 fxe4+ 33. dxe4 Bxe2+ 34. Rxe2 Ke7 35. Nd3 Rf8+ 36. Kg4 Rh5 37. Nf4 Re5 38. Nd3 Rh5 39. Nf4 1/2-1/2

[Event "Morava-ch U16"]
[Site "Loucna nad Desnou"]
[Date "2017.10.29"]
[Round "9"]
[White "Nehyba, Martin"]
[Black "Demko, Robert"]
[Result "1/2-1/2"]
[WhiteElo "2100"]
[BlackElo "1751"]
[PlyCount "71"]
[EventDate "2017.10.24"]
[EventType "swiss"]
[EventRounds "9"]
[EventCountry "CZE"]
[SourceTitle "EXT 2020"]
[Source "ChessBase"]
[SourceDate "2019.10.17"]
[SourceVersion "1"]
[SourceVersionDate "2019.10.17"]
[SourceQuality "1"]

1. c4 e5 2. Nc3 Nf6 3. g3 c6 4. e3 d5 5. cxd5 cxd5 6. d4 e4 7. Bg2 Be7 8. Nge2 0-0 9. Nf4 b6 10. Qb3 Bb7 11. 0-0 Na6 12. Bd2 g5 13. Nh3 h6 14. Kh1 Nb4 15. Nxe4 Nxe4 16. Bxb4 Bxb4 17. Qxb4 Ba6 18. Rfe1 Bc8 19. Re2 Qf6 20. Qe1 Bg4 21. f3 Bxf3 22. Bxf3 Qxf3+ 23. Kg1 Rac8 24. Qf1 Qxf1+ 25. Rxf1 f5 26. Nf2 Kg7 27. Nd3 Kf6 28. Nf2 Ke7 29. Kg2 Kd6 30. Nxe4+ fxe4 31. Ref2 Rxf2+ 32. Rxf2 Ke6 33. Rd2 g4 34. Rf2 h5 35. Re2 Rc7 36. Kf2 1/2-1/2

[Event "Morava-ch U16"]
[Site "Loucna nad Desnou"]
[Date "2017.10.27"]
[Round "7"]
[White "Nehyba, Martin"]
[Black "Szotkowski, David"]
[Result "1-0"]
[WhiteElo "2100"]
[BlackElo "1997"]
[PlyCount "61"]
[EventDate "2017.10.24"]
[EventType "swiss"]
[EventRounds "9"]
[EventCountry "CZE"]
[SourceTitle "EXT 2020"]
[Source "ChessBase"]
[SourceDate "2019.10.17"]
[SourceVersion "1"]
[SourceVersionDate "2019.10.17"]
[SourceQuality "1"]

1. c4 c5 2. Nc3 Nc6 3. g3 e5 4. Bg2 g6 5. e3 Bg7 6. Nge2 Nge7 7. 0-0 0-0 8. b3 d6 9. Bb2 f5 10. Nd5 Nxd5 11. Bxd5+ Kh8 12. d4 Nb4 13. Bg2 e4 14. Nc1 Qe7 15. a3 Nc6 16. Ne2 b6 17. Qd2 Bd7 18. Rfd1 Rad8 19. b4 cxb4 20. axb4 d5 21. cxd5 Nxb4 22. Rxa7 Ra8 23. Rda1 Rxa7 24. Rxa7 Nxd5 25. Ba3 Qd8 26. Bxf8 Bxf8 27. Qa2 Be6 28. Qa6 Qc8 29. Qxc8 Bxc8 30. Ra8 Ne7 31. d5 1-0

[Event "Morava-ch U16"]
[Site "Loucna nad Desnou"]
[Date "2017.10.25"]
[Round "3"]
[White "Nehyba, Martin"]
[Black "Broz, Petr"]
[Result "1-0"]
[WhiteElo "2100"]
[BlackElo "1728"]
[PlyCount "97"]
[EventDate "2017.10.24"]
[EventType "swiss"]
[EventRounds "9"]
[EventCountry "CZE"]
[SourceTitle "EXT 2020"]
[Source "ChessBase"]
[SourceDate "2019.10.17"]
[SourceVersion "1"]
[SourceVersionDate "2019.10.17"]
[SourceQuality "1"]

1. c4 e6 2. Nc3 Nf6 3. g3 d5 4. cxd5 exd5 5. d4 Be7 6. Bg2 0-0 7. Bg5 c6 8. Nf3 Bf5 9. 0-0 Nbd7 10. Re1 Re8 11. Nd2 h6 12. Bf4 g5 13. Be3 Ng4 14. Nf1 Nxe3 15. Nxe3 Bg6 16. f3 Ba3 17. Qb3 Bxb2 18. Qxb2 Rxe3 19. Kf2 Re7 20. Qxb7 Nb6 21. Qa6 Qd6 22. a3 Nc4 23. e4 Rb8 24. exd5 Rb2+ 25. Kg1 Ne3 26. Bf1 Nc2 27. Reb1 Rxb1 28. Rxb1 Nxd4 29. Qc8+ Kg7 30. Rb8 Nxf3+ 31. Kh1 Kf6 32. Qh8+ Kf5 33. Bd3+ Kg4 34. Rb4+ Qxb4 35. axb4 Bxd3 36. Kg2 Ne1+ 37. Kf2 Bf5 38. Qd4+ Kh5 39. Qf6 Nd3+ 40. Kg2 Re5 41. Qxf7+ Bg6 42. Qg7 cxd5 43. h3 g4 44. Qf6 gxh3+ 45. Kh2 Bf5 46. b5 Ne1 47. Qf7+ Bg6 48. Qf4 Bf5 49. g4+ 1-0

[Event "Morava-ch U16"]
[Site "Loucna nad Desnou"]
[Date "2017.10.25"]
[Round "2"]
[White "Travnicek, Krystof Mikulas"]
[Black "Nehyba, Martin"]
[Result "0-1"]
[WhiteElo "1705"]
[BlackElo "2100"]
[PlyCount "149"]
[EventDate "2017.10.24"]
[EventType "swiss"]
[EventRounds "9"]
[EventCountry "CZE"]
[SourceTitle "EXT 2020"]
[Source "ChessBase"]
[SourceDate "2019.10.17"]
[SourceVersion "1"]
[SourceVersionDate "2019.10.17"]
[SourceQuality "1"]

1. Nf3 d5 2. c4 c6 3. g3 Nf6 4. Bg2 e6 5. 0-0 Bd6 6. d4 Nbd7 7. Qc2 0-0 8. Nbd2 Re8 9. e4 dxe4 10. Ng5 Be7 11. Ndxe4 Nxe4 12. Nxe4 Nf6 13. Rd1 h6 14. b3 Nxe4 15. Bxe4 Bf6 16. Bb2 Qc7 17. Rac1 Rb8 18. Bf3 e5 19. d5 e4 20. d6 Qd7 21. Bg2 Bxb2 22. Qxb2 f5 23. Qd4 b6 24. g4 f4 25. Bxe4 Qxg4+ 26. Bg2 Bd7 27. Re1 Qg5 28. Kh1 Qa5 29. Be4 Qxa2 30. b4 Qa3 31. Qc3 Qxc3 32. Rxc3 Bf5 33. f3 Kf8 34. Kg2 c5 35. b5 Rbd8 36. Rd3 Re5 37. Rd5 Rxd5 38. cxd5 Bd7 39. Bd3 Be8 40. Re4 Rxd6 41. Rxf4+ Bf7 42. Bc4 Ke7 43. Re4+ Kf6 44. Rf4+ Ke7 45. Re4+ Kd7 46. Re5 Rg6+ 47. Kf2 Kd6 48. f4 Rf6 49. Ke3 Kd7 50. Bd3 Kd6 51. Bc4 g6 52. Ke4 Kd7 53. Ke3 Kc7 54. Re7+ Kd6 55. Re5 Rf5 56. Ke4 Bg8 57. Re8 Bf7 58. Re5 Rf6 59. Ke3 g5 60. fxg5 hxg5 61. Rxg5 Rh6 62. Rf5 Rh3+ 63. Kd2 Rxh2+ 64. Kc3 Rh3+ 65. Kd2 Rh4 66. Kc3 Rh7 67. Kd2 Rg7 68. Kc3 Rg3+ 69. Kd2 Rg2+ 70. Kc3 Rg3+ 71. Kd2 Bg6 72. Rf8 Ke5 73. Rf2 Be4 74. Re2 Rg2 75. d6 0-1

[Event "Tatry op"]
[Site "Tatranska Lomnica"]
[Date "2017.10.12"]
[Round "6"]
[White "Nehyba, Martin"]
[Black "Neumann, Filip"]
[Result "1-0"]
[WhiteElo "2100"]
[BlackElo "1800"]
[PlyCount "87"]
[EventDate "2017.10.08"]
[EventType "swiss"]
[EventRounds "9"]
[EventCountry "SVK"]
[SourceTitle "CBM 181 Extra"]
[Source "ChessBase"]
[SourceDate "2017.12.12"]
[SourceVersion "1"]
[SourceVersionDate "2017.12.12"]
[SourceQuality "1"]

1. c4 e5 2. Nc3 Nf6 3. g3 d5 4. cxd5 Nxd5 5. Bg2 Nb6 6. e3 Be7 7. Nge2 0-0 8. 0-0 Nc6 9. a3 Bf5 10. f4 exf4 11. Nxf4 Qd7 12. d4 Bg5 13. Ne4 Bxf4 14. Rxf4 Bxe4 15. Bxe4 f5 16. Bc2 Rae8 17. Qd3 g6 18. Bd2 Re7 19. Bc3 Nd5 20. Rf3 Nxc3 21. Qxc3 Rfe8 22. Kf2 Nd8 23. Bb3+ Nf7 24. Rc1 Kg7 25. Bxf7 Rxf7 26. Qc5 a6 27. Qb4 c6 28. Qc4 Qd5 29. Qxd5 cxd5 30. Rc5 Rd7 31. Ke2 Ree7 32. Rf2 Re6 33. Kd3 Re8 34. Rfc2 Red8 35. Kc3 Kf7 36. Kb4 Re8 37. R2c3 Ree7 38. Ka5 Ke6 39. Kb6 Rd6+ 40. Ka7 Rdd7 41. Rc8 Kd6 42. Kb6 Ke6 43. R8c7 Kd6 44. R7c6+ 1-0

[Event "Tatry op"]
[Site "Tatranska Lomnica"]
[Date "2017.10.09"]
[Round "2"]
[White "Nehyba, Martin"]
[Black "Vojta, Tomas"]
[Result "0-1"]
[WhiteElo "2100"]
[BlackElo "2364"]
[PlyCount "76"]
[EventDate "2017.10.08"]
[EventType "swiss"]
[EventRounds "9"]
[EventCountry "SVK"]
[SourceTitle "CBM 181 Extra"]
[Source "ChessBase"]
[SourceDate "2017.12.12"]
[SourceVersion "1"]
[SourceVersionDate "2017.12.12"]
[SourceQuality "1"]

1. c4 c5 2. Nc3 Nf6 3. e4 Nc6 4. g3 d6 5. Bg2 g6 6. d3 Bg7 7. Nge2 a6 8. 0-0 0-0 9. h3 Rb8 10. a4 Ne8 11. Be3 Nd4 12. Rb1 Bd7 13. b4 b6 14. Kh2 Nc7 15. Bxd4 cxd4 16. Na2 e5 17. b5 a5 18. Nac1 Qe7 19. Nb3 Ne6 20. f4 f5 21. Qc2 fxe4 22. fxe5 exd3 23. exd6 dxc2 24. dxe7 Rfe8 25. Rbe1 Rxe7 26. Bd5 Kh8 27. Bxe6 Bxe6 28. Nexd4 Rbe8 29. Rf2 Bg8 30. Rxe7 Rxe7 31. Rxc2 Re4 32. Nf3 Rxc4 33. Rxc4 Bxc4 34. Nbd2 Be2 35. Kg2 Bd1 36. Nc4 Bxa4 37. Nxb6 Bxb5 38. Nd2 a4 0-1

[Event "Tatry op"]
[Site "Tatranska Lomnica"]
[Date "2017.10.08"]
[Round "1"]
[White "Berezjuk, Sergej"]
[Black "Nehyba, Martin"]
[Result "1/2-1/2"]
[WhiteElo "2423"]
[BlackElo "2100"]
[PlyCount "40"]
[EventDate "2017.10.08"]
[EventType "swiss"]
[EventRounds "9"]
[EventCountry "SVK"]
[SourceTitle "CBM 181 Extra"]
[Source "ChessBase"]
[SourceDate "2017.12.12"]
[SourceVersion "1"]
[SourceVersionDate "2017.12.12"]
[SourceQuality "1"]

1. e4 c5 2. Nf3 Nc6 3. Nc3 g6 4. d4 cxd4 5. Nxd4 Bg7 6. Nb3 Nf6 7. Be2 0-0 8. 0-0 d6 9. Bg5 Be6 10. Kh1 h6 11. Bh4 Nd7 12. f4 f5 13. Nd5 Nf6 14. Nxf6+ Bxf6 15. Bxf6 Rxf6 16. Nd4 Nxd4 17. Qxd4 Qb6 18. Qxb6 axb6 19. Bd3 fxe4 20. Bxe4 Ra4 1/2-1/2